Online
Catalog

Arquetipos orales en la poesía española de fin de siglo / (Record no. 18218)

MARC details
000 -CABECERA
campo de control de longitud fija 00875cam a2200253 a 4500
001 - NÚMERO DE CONTROL
campo de control 000018698
005 - FECHA Y HORA DE LA ÚLTIMA TRANSACCIÓN
campo de control 20200929165835.0
008 - DATOS DE LONGITUD FIJA--INFORMACIÓN GENERAL
campo de control de longitud fija 100513s2000 sp 000 0 spa d
020 ## - NÚMERO INTERNACIONAL ESTÁNDAR DEL LIBRO
Número Internacional Estándar del Libro 8487012760
040 ## - FUENTE DE LA CATALOGACIÓN
Centro catalogador/agencia de origen DO-SdBNP
Lengua de catalogación spa
Centro/agencia transcriptor BNPHU
082 ## - NÚMERO DE LA CLASIFICACIÓN DECIMAL DEWEY
Número de clasificación 861.7
Número de documento/Ítem R934a
049 ## - FONDOS LOCALES (OCLC)
Fondos de biblioteca BNGR
100 1# - ENTRADA PRINCIPAL--NOMBRE DE PERSONA
Nombre de persona Torres, Juan Ruiz de,
Fechas asociadas al nombre 1931-
9 (RLIN) 40356
245 10 - MENCIÓN DE TÍTULO
Título Arquetipos orales en la poesía española de fin de siglo /
Mención de responsabilidad, etc. Juan Ruiz de Torres, Enrique Valle ; introducción Fredo Arias de la Canal.
260 ## - PUBLICACIÓN, DISTRIBUCIÓN, ETC.
Lugar de publicación, distribución, etc. Madrid, (España) :
Nombre del editor, distribuidor, etc. Asociación Prometeo de Poesía,
Fecha de publicación, distribución, etc. 2000.
300 ## - DESCRIPCIÓN FÍSICA
Extensión 192 p. ;
Dimensiones 21 cm.
490 1# - MENCIÓN DE SERIE
Mención de serie Blancas,
490 1# - MENCIÓN DE SERIE
Mención de serie Mayor
Designación de volumen o secuencia 1
650 #4 - PUNTO DE ACCESO ADICIONAL DE MATERIA--TÉRMINO DE MATERIA
Término de materia o nombre geográfico como elemento de entrada Poesía española
Subdivisión general Historia y crítica
9 (RLIN) 8687
650 #4 - PUNTO DE ACCESO ADICIONAL DE MATERIA--TÉRMINO DE MATERIA
Término de materia o nombre geográfico como elemento de entrada Literatura española
9 (RLIN) 632
700 1# - PUNTO DE ACCESO ADICIONAL--NOMBRE DE PERSONA
Nombre de persona Valle, Enrique.
9 (RLIN) 40357
700 1# - PUNTO DE ACCESO ADICIONAL--NOMBRE DE PERSONA
Nombre de persona Arias del Canal, Fredo,
Término indicativo de función/relación intr.
9 (RLIN) 40358
830 #0 - PUNTO DE ACCESO ADICIONAL DE SERIE-TÍTULO UNIFORME
Título uniforme Blancas
Nombre de parte o sección de la obra Mayor
Número de parte o sección de la obra 1
9 (RLIN) 40359
Holdings
Estado de retiro Estado de pérdida Restricciones de uso No para préstamo Código de colección Localización permanente Ubicación/localización actual Ubicación en estantería Fecha de adquisición Número de inventario Total de préstamos Signatura topográfica completa Código de barras Fecha visto por última vez Precio válido a partir de Tipo de ítem Koha
        Monografías: Libros y Folletos General General En catalogación 13.05.2010 LF1   861.7 R934a 18698-10 25.06.2020 25.06.2020 Préstamo en sala

Powered by Koha